Traducción aleatoria de vocabulario a francés - Estadísticas

Estadísticas generales
  • Esta prueba ha sido intentada 3.179 veces
    2.826 desde el último reinicio
  • La puntuación promedio es 15 de 30
Estadísticas de respuestas
Español Francés % Correcto
Ocho (sust.) H{uit}
95%
Agua (sust.) E{au}
93%
Sí (adv.) O{ui}
93%
Gracias (sust.) M{erci}
92%
Uno (número) (sust.) U{n}
92%
Grande (adj.) G{rand}
91%
Cinco (sust.) C{inq}
89%
Equipo (sust.) É{quipe}
89%
Mar (sust.) M{er}
89%
Vino (sust.) V{in}
89%
Blanco (adj.) B{lanc}
88%
Estar (v.) Ê{tre}
88%
Día (sust.) J{our}
88%
Casa (sust.) M{aison}
88%
Negro (adj.) N{oir}
88%
Cuatro (sust.) Q{uatre}
88%
Hola (sust.) S{alut}
88%
No (adv.) N{on}
87%
Pequeño (adj.) P{etit}
87%
Queso (sust.) F{romage}
86%
Siete (sust.) S{ept}
86%
Azul (adj.) B{leu}
85%
Nunca (adv.) J{amais}
85%
Comer (v.) M{anger}
85%
Pan (sust.) P{ain}
85%
Tres (sust.) T{rois}
85%
Flor (sust.) F{leur}
84%
Libertad (sust.) L{iberté}
84%
Lunes (sust.) L{undi}
84%
Calle (sust.) R{ue}
84%
Seis (sust.) S{ix}
84%
Verde (adj.) V{ert}
84%
Dos (sust.) D{eux}
83%
Oro (sust.) O{r}
83%
Donde (adv.) O{ù}
83%
Rosado (adj.) R{osé}
83%
Rojo (adj.) R{ouge}
83%
Jirafa (sust.) G{irafe}
82%
Padre (sust.) P{ère}
82%
Viento (sust.) V{ent}
82%
Cumpleaños (sust.) A{anniversaire}
81%
Mundo (sust.) M{onde}
81%
Noche (sust.) N{uit}
81%
Octubre (sust.) O{ctobre}
81%
Martes (sust.) M{ardi}
80%
Música (sust.) M{usique}
80%
Por qué (adv.) P{ourquoi}
80%
Diez (sust.) D{ix}
79%
Niño (sust.) E{nfant}
79%
Hermano (sust.) F{rère}
79%
Periódico (sust.) J{ournal}
79%
Nueve (sust.) N{euf}
79%
Abrir (v.) O{uvrir}
79%
Ir (v.) A{ller}
78%
Amigo (sust.) A{mi}
78%
Isla (sust.) Î{le}
78%
O (conj.) O{u}
78%
Puerta (sust.) P{orte}
78%
Cuando (adv.) Q{uand}
78%
Sal (sust.) S{el}
78%
Cabeza (sust.) T{ête}
78%
Coche/carro (sust.) V{oiture}
78%
Gato (sust.) C{hat}
77%
Diciembre (sust.) D{ecembre}
77%
Bigote (sust.) M{oustache}
77%
Cielo (sust.) C{iel}
76%
Domingo (sust.) D{imanche}
76%
Frío (adj.) F{roid}
76%
Guerra (sust.) G{uerre}
76%
Madre (sust.) M{ère}
76%
Mil (sust.) M{ille}
76%
Noviembre (sust.) N{ovembre}
76%
Sábado (sust.) S{amedi}
76%
Septiembre (sust.) S{eptembre}
76%
Azúcar (sust.) S{ucre}
76%
Tomate (sust.) T{omate}
76%
Viernes (sust.) V{endredi}
76%
Cama (sust.) L{it}
75%
Once (sust.) O{nze}
75%
Pensar (v.) P{enser}
75%
Pez (sust.) P{oisson}
75%
Quince (sust.) Q{uinze}
75%
Vivir (v.) V{ivre}
75%
Abril (sust.) A{vril}
74%
Bebé (sust.) B{ébé}
74%
Brazo (sust.) B{ras}
74%
Corazón (sust.) C{œur}
74%
Cocina (sust.) C{uisine}
74%
Dormir (v.) D{ormir}
74%
Escuchar (v.) É{couter}
74%
Miércoles (sust.) M{ercredi}
74%
Boca (sust.) B{ouche}
73%
Diecinueve (sust.) D{ix-neuf}
73%
Izquiero (sust.) G{auche}
73%
Jardín (sust.) J{ardin}
73%
Mayo (sust.) M{ai}
73%
Hermana (sust.) S{oeur}
73%
Sol (sust.) S{oleil}
73%
Comprar (v.) A{cheter}
72%
Diente (sust.) D{ent}
72%
León (sust.) L{ion}
72%
Norte (sust.) N{ord}
72%
Joven (adj.) J{eune}
71%
Tío (sust.) O{ncle}
71%
Semana (sust.) S{emaine}
71%
Tarde (adv.) T{ard}
71%
Treinta (sust.) T{rente}
71%
Triste (adj.) T{riste}
71%
Habitación (sust.) C{hambre}
70%
Cerrar (v.) F{ermer}
70%
Jugar (v.) J{ouer}
70%
Nada (pron.) R{ien}
70%
Aprender (v.) A{pprendre}
69%
Cien (sust.) C{ent}
69%
Falso (adj.) F{aux}
69%
Gris (adj.) G{ris}
69%
Enero (sust.) J{anvier}
69%
Luna (sust.) L{une}
69%
Patata (sust.) P{omme de terre}
69%
Tener (v.) A{voir}
68%
Comprender (v.) C{omprendre}
68%
Diecisiete (sust.) D{ix-sept}
68%
Ayer (adv.) H{ier}
68%
Leer (v.) L{ire}
68%
Morir (v.) M{ourir}
68%
Oreja (sust.) O{reille}
68%
Reír (v.) R{ire}
68%
Venir (v.) V{enir}
68%
Comenzar (v.) C{ommencer}
67%
Ventana (sust.) F{enêtre}
67%
Aceite (sust.) H{uile}
67%
Lengua (órgano) (sust.) L{angue}
67%
Luz (sust.) L{umière}
67%
Mano (sust.) M{ain}
67%
Marrón (adj.) M{arron}
67%
Marzo (sust.) M{ars}
67%
Tímido (adj.) T{imide}
67%
Bienvenido (interj.) B{ienvenue}
66%
Canción (sust.) C{hanson}
66%
Perro (sust.) C{hien}
66%
Bailar (v.) D{anser}
66%
Dieciocho (sust.) D{ix-huit}
66%
Doce (sust.) D{ouze}
66%
Jamón (sust.) J{ambon}
66%
Dieciséis (sust.) S{eize}
66%
Trabajar (v.) T{ravailler}
66%
Veinte (sust.) V{ingt}
66%
Después (adv.) A{près}
65%
Cantar (v.) C{hanter}
65%
Caliente (adj.) C{haud}
65%
Amarillo (adj.) J{aune}
65%
Nuevo (adj.) N{ouveau}
65%
Rápido (adj.) R{apide}
65%
Rey (sust.) R{oi}
65%
Saber (v.) S{avoir}
65%
Vender (v.) V{endre}
65%
Arroz (sust.) R{iz}
64%
Ver (v.) V{oir}
64%
Árbol (sust.) A{rbre}
63%
Hoy (adv.) A{ujourd'hui}
63%
Avión (sust.) A{vion}
63%
Correr (v.) C{ourir}
63%
Escribir (v.) É{crire}
63%
Febrero (sust.) F{évrier}
63%
Tía (sust.) T{ante}
63%
Bicicleta (sust.) V{élo}
63%
Cebra (sust.) Z{èbre}
63%
Antes (adv.) A{vant}
62%
Panadería (sust.) B{oulangerie}
62%
Montaña (sust.) M{ontagne}
62%
Huevo (sust.) O{euf}
62%
Respirar (v.) R{espirer}
62%
Siempre (adv.) T{oujours}
62%
Ayuda (sust.) A{ide}
61%
Cincuenta (sust.) C{inquante}
61%
Mediodía (sust.) M{idi}
61%
Mes (sust.) M{ois}
61%
Oeste (sust.) O{uest}
61%
Pantalón (sust.) P{antalon}
61%
Responder (v.) R{épondre}
61%
Serpiente (sust.) S{erpent}
61%
Trece (sust.) T{reize}
61%
Agosto (sust.) A{ôut}
60%
Hijo (sust.) F{ils}
60%
Jueves (sust.) J{eudi}
60%
Mañana (sust.) M{atin}
60%
Medusa (sust.) M{éduse}
60%
Navidad (sust.) N{oël}
60%
Pie (sust.) P{ied}
60%
Reina (sust.) R{eine}
60%
Bolsa (sust.) S{ac}
60%
Ensalada (sust.) S{alade}
60%
Vaca (sust.) V{ache}
60%
Camisa (sust.) C{hemise}
59%
Goma (sust.) G{omme}
59%
Memoria (sust.) M{émoire}
59%
Museo (sust.) M{usée}
59%
Número (sust.) N{ombre}
59%
Carne (sust.) V{iande}
59%
Volar (v.) V{oler}
59%
Caballo (sust.) C{heval}
58%
Ahora (adv.) M{aintenant}
58%
Muy (adv.) T{rès}
58%
Volcán (sust.) V{olcan}
58%
Año (sust.) A{nnée}
57%
Pierna (sust.) J{ambe}
57%
Bolígrafo (sust.) S{tylo}
57%
Lápiz (sust.) C{rayon}
56%
Por fin (adv.) E{nfin}
56%
Papas fritas (sust.) F{rites}
56%
Andar (v.) M{archer}
56%
Porque (conj.) P{arce que}
56%
Sangre (sust.) S{ang}
56%
Serio (adj.) S{érieux}
56%
Plata (sust.) A{rgent}
55%
Plátano (sust.) B{anane}
55%
Diablo (sust.) D{iable}
55%
Estrella (sust.) E{toile}
55%
Fuego (sust.) F{eu}
55%
Junio (sust.) J{uin}
55%
Pared (sust.) M{ur}
55%
Ordenador (sust.) O{rdinateur}
55%
Pista (sust.) P{iste}
55%
Sirena (sust.) S{irène}
55%
Sesenta (sust.) S{oixante}
55%
Sur (sust.) S{ud}
55%
Gripe (sust.) G{rippe}
54%
Nieve (sust.) N{eige}
54%
Alma (sust.) Â{me}
53%
Marido (sust.) M{ari}
53%
Llorar (v.) P{leurer}
53%
Querer (v.) V{ouloir}
53%
Gafas (sust.) L{unettes}
52%
Nadar (v.) N{ager}
52%
A veces (adv.) P{arfois}
52%
Trompeta (sust.) T{rompette}
52%
Adiós (sust.) A{dieu}
51%
Galleta (sust.) B{iscuit}
51%
Bota (sust.) B{otte}
51%
Bosque (sust.) F{orêt}
51%
Siglo (sust.) S{iècle}
51%
Camión (sust.) C{amion}
50%
Casco (sust.) C{asque}
50%
Cuerpo (sust.) C{orps}
50%
Setenta (sust.) S{oixante-dix}
50%
Suelo (sust.) S{ol}
50%
Matar (v.) T{uer}
50%
Baño (sust.) B{ain}
49%
Construir (v.) C{onstruire}
49%
Iglesia (sust.) É{glise}
49%
Infierno (sust.) E{nfer}
49%
Lobo (sust.) L{oup}
49%
Paraguas (sust.) P{arapluie}
49%
Sueño (sust.) R{êve}
49%
Vestido (sust.) R{obe}
49%
Viejo (adj.) V{ieux}
49%
Cerveza (sust.) B{ière}
48%
Pato (sust.) C{anard}
48%
Champiñón (sust.) C{hampignon}
48%
Feliz (adj.) H{eureux}
48%
Falda (sust.) J{upe}
48%
Pájaro (sust.) O{iseau}
48%
Pollo (sust.) P{oulet}
48%
Contar (v.) R{aconter}
48%
Caer (v.) T{omber}
48%
Esperar (v.) A{ttendre}
47%
Quedar (v.) R{ester}
47%
Vecino (sust.) V{oisin}
47%
Furioso (adj.) F{urieux}
46%
Sombra (sust.) O{mbre}
46%
Piel (sust.) P{eau}
46%
Saltar (v.) S{auter}
46%
Siesta (sust.) S{ieste}
46%
Maleta (sust.) V{alise}
46%
Llamar (v.) A{ppeler}
45%
Hijo (sust.) F{ils}
45%
Comida (sust.) N{ourriture}
45%
Río (sust.) R{ivière}
45%
Soldado (sust.) S{oldat}
45%
Taza (sust.) T{asse}
45%
Amante (sust.) A{mant}
44%
Anular (v.) A{nnuler}
44%
Botella (sust.) B{outeille}
44%
Pelo (sust.) C{heveux}
44%
Estómago (sust.) E{stomac}
44%
Fresa (sust.) F{raise}
44%
Jardinero (sust.) J{ardinier}
44%
Nacimiento (sust.) N{aissance}
44%
Limpiar (v.) N{ettoyer}
44%
Nariz (sust.) N{ez}
44%
Papá Noel (sust.) P{ère} N{oël}
44%
Cerdo (sust.) P{orc}
44%
Cara (sust.) V{isage}
44%
Pastel (sust.) G{âteau}
43%
Ojo (sust.) O{eil}
43%
Lluvia (sust.) P{luie}
43%
Arena (sust.) S{able}
43%
Sonreír (v.) S{ourire}
43%
Mantequilla (sust.) B{eurre}
42%
Cuerda (sust.) C{orde}
42%
Hoja (sust.) F{euille}
42%
Muebles (sust.) M{eubles}
42%
Parar (v.) A{rrêter}
41%
Cabra (sust.) C{hèvre}
41%
Crepúsculo (sust.) C{répuscule}
41%
Guante (sust.) G{ant}
41%
Grúa (sust.) G{rue}
41%
Vegetal (sust.) L{égume}
41%
Mejor (adv. adj.) M{ieux}
41%
Ajo (sust.) A{il}
40%
Juguete (sust.) J{ouet}
40%
Lleno (adj.) P{lein}
40%
Colina (sust.) C{olline}
39%
Dulce (adj.) D{oux}
39%
Paz (sust.) P{aix}
39%
Plomo (sust.) P{lomb}
39%
Ratón (sust.) S{ouris}
39%
Cascada (sust.) C{ascade}
38%
Mermelada (sust.) C{onfiture}
38%
Esponja (sust.) E{ponge}
38%
Altura (sust.) H{auteur}
38%
Hipocampo (sust.) H{ippocampe}
38%
Ligero (adj.) L{éger}
38%
Broma (sust.) B{lague}
37%
Calendario (sust.) C{alendrier}
37%
Delfín (sust.) D{auphin}
37%
Enseñar (v.) E{nseigner}
37%
Julio (sust.) J{uillet}
37%
Oso (sust.) O{urs}
37%
Zanahoria (sust.) C{arotte}
36%
Cerebro (sust.) C{erveau}
36%
Cuello (sust.) C{ou}
36%
Mezclar (v.) M{élanger}
36%
Pantufla (sust.) P{antoufle}
36%
Mariposa (sust.) P{apillon}
36%
Ciudadano (sust.) C{itoyen}
35%
Cuchillo (sust.) C{outeau}
35%
Estuario (sust.) E{stuaire}
35%
Gota (sust.) G{outte}
35%
Afortunadamente (adv.) H{eureusement}
35%
Seguir (v.) S{uivre}
35%
Violín (sust.) V{iolon}
35%
Reloj (sust.) H{orloge}
34%
Mentón (sust.) M{enton}
34%
Temporada (sust.) S{aison}
34%
A menudo (adv.) S{ouvent}
34%
Armadura (sust.) A{rmure}
33%
Cinturón (sust.) C{einture}
32%
Fantasma (sust.) F{antôme}
32%
Horno (sust.) F{our}
32%
Soplar (v.) S{ouffler}
32%
Armario (sust.) A{rmoire}
31%
Cortar (v.) C{ouper}
31%
Oler (v.) S{entir}
31%
Araña (sust.) A{raignée}
30%
Ballena (sust.) B{aleine}
30%
Madera (sust.) B{ois}
30%
Cuerno (sust.) C{orne}
30%
Dedo (sust.) D{oigt}
30%
Oír (v.) E{ntendre}
30%
Ochenta (sust.) Q{uatre-vingts}
30%
Uva (sust.) R{aisin}
30%
Zorro (sust.) R{enard}
30%
Temprano (adv.) T{ôt}
30%
Vacío (adj.) V{ide}
30%
Calcetín (sust.) C{haussette}
29%
Humo (sust.) F{umée}
29%
Rana (sust.) G{renouille}
29%
Hiena (sust.) H{yène}
29%
Sobrino (sust.) N{eveu}
29%
Pulmón (sust.) P{oumon}
29%
Jabón (sust.) S{avon}
29%
Fábrica (sust.) U{sine}
29%
Lágrima (sust.) L{arme}
28%
Boda (sust.) M{ariage}
28%
Tormenta (sust.) T{empête}
28%
Caja (sust.) B{oîte}
27%
Cereza (sust.) C{erise}
27%
Cierto (adj.) C{ertain}
27%
Cuchara (sust.) C{uillère}
27%
Espinaca (sust.) É{pinard}
27%
Tenedor (sust.) F{ourchette}
27%
Martillo (sust.) M{arteau}
27%
Pascua (sust.) P{âques}
27%
Catorce (sust.) Q{uatorze}
27%
Cadáver (sust.) C{adavre}
26%
Corbata (sust.) C{ravate}
26%
Rodilla (sust.) G{enou}
26%
Bistec (sust.) S{teak}
26%
Jefe (sust.) P{atron}
25%
Vidrio (sust.) V{erre}
25%
Tijeras (sust.) C{iseau}
24%
Hombro (sust.) É{paule}
24%
Estornudar (v.) É{ternuer}
24%
Mosca (sust.) M{ouche}
24%
Nube (sust.) N{uage}
24%
Cebolla (sust.) O{ignon}
24%
Uña (sust.) O{ngle}
24%
Techo (sust.) T{oit}
24%
Aterrizar (v.) A{tterir}
23%
Carnicero (sust.) B{oucher}
23%
Chimenea (sust.) C{heminée}
23%
Corona (sust.) C{ouronne}
23%
Correo (sust.) C{ourrier}
23%
Bufanda (sust.) É{charpe}
23%
Longitud (sust.) L{ongueur}
23%
Plato (sust.) A{ssiette}
22%
Beso (sust.) B{aiser}
22%
Espía (sust.) E{spion}
22%
Pesado (adj.) L{ourd}
22%
Orificio nasal (sust.) N{arines}
22%
Profundidad (sust.) P{rofondeur}
22%
Sangrar (v.) S{aigner}
22%
Cordero (sust.) A{gneau}
21%
Teclado (sust.) C{lavier}
21%
Frijol/judía (sust.) H{aricot}
21%
Gemelo (sust.) J{umeaux}
21%
Rezar (v.) P{rier}
21%
Ceja (sust.) S{ourcil}
21%
Gatito (sust.) C{haton}
20%
Búho (sust.) H{ibou}
20%
Oveja (sust.) M{outon}
20%
Dedo de pie (sust.) O{rteil}
20%
Pimienta (sust.) P{oivre}
20%
Pulpo (sust.) P{oulpe}
20%
Cartel (sust.) A{ffiche}
19%
Vela (sust.) B{ougie}
19%
Susurrar (v.) C{huchoter}
19%
Muñeca (sust.) P{oignet}
19%
Alfombra (sust.) T{apis}
19%
Escoba (sust.) B{alai}
18%
Crecer (v.) C{roître}
18%
Hada (sust.) F{ée}
18%
Avispa (sust.) G{uêpe}
18%
Sandía (sust.) P{astèque}
18%
Rodar (v.) R{ouler}
18%
Alhaja (sust.) B{ijou}
17%
Cavar (v.) C{reuser}
17%
Especia (sust.) E{pice}
17%
Langosta (sust.) L{angouste}
17%
Moto (sust.) M{otocyclette}
17%
Nuez (sust.) N{oix}
17%
Sacerdote (sust.) P{rêtre}
17%
Murciélago (sust.) C{hauve-souris}
16%
Estrecho (adj.) É{troit}
16%
Rascacielos (sust.) G{ratte-ciel}
16%
Cueva (sust.) G{rotte}
16%
Almohada (sust.) O{reiller}
16%
Señor (sust.) S{eigneur}
16%
Acero (sust.) A{cier}
15%
Anillo (sust.) A{nneau}
15%
Destornillador (sust.) V{is}
15%
Tinta (sust.) E{ncre}
14%
Salchicha (sust.) S{aucisse}
14%
Cachorro (sust.) C{hiot}
13%
Manta (sust.) C{ouverture}
13%
Odiar (v.) H{aïr}
13%
Silbar (v.) S{iffler}
13%
Bruja (sust.) S{orcière}
13%
Abeja (sust.) A{beille}
12%
Amanecer (sust.) A{ube}
12%
Cobre (sust.) C{uivre}
12%
Advertencia (sust.) A{vertissement}
11%
Columpio (sust.) B{alançoire}
11%
Conejillo de Indias (sust.) C{obaye}
11%
Pesadilla (sust.) C{auchemar}
10%
Silla (sust.) C{haise}
10%
(lo) Mejor (adj.) (le) M{eilleur}
10%
Saltamontes (sust.) S{auterelle}
10%
Retar (v.) D{éfier}
9%
Cohete (sust.) F{usée}
9%
Globo aerostático (sust.) M{ontgolfière}
9%
Cartera (sust.) P{ortefeuille}
9%
Pulgar (sust.) P{ouce}
9%
Imán (sust.) A{imant}
8%
Carnero (sust.) B{élier}
8%
Calabaza (sust.) C{itrouille}
8%
Clavo (sust.) C{lou}
8%
Lagarto (sust.) L{ézard}
8%
Soltero (adj.) S{olitaire}
8%
Tapa (sust.) C{ouvercle}
7%
Acantilado (sust.) F{alaise}
7%
Mapache (sust.) R{aton}
7%
Sierra (sust.) S{cie}
7%
Regar (v.) A{rroser}
5%
Pelea (sust.) B{agarre}
5%
Césped (sust.) G{azon}
5%
Cuarenta (sust.) Q{uarante}
5%
Amargo (adj.) A{mèr}
3%
Medianoche (sust.) M{inuit}
2%
Zapato (sust.) C{haussure}
1%
Asustado (adj.) A{peuré}
0%
Toro (sust.) T{aureau}
0%
No se encontraron pruebas coincidentes
Distribución de puntuación
Porcentaje de gente con cada puntuación
Porcentaje por número respondido
Historial de tus puntuaciones
No has intentado esta prueba desde el último reinicio